Política de educación en sexualidad: para el mejoramiento de la calidad de la educación

Saved in:
Bibliografiske detaljer
Institution som forfatter: Ministerio de Educación (Author)
Format: Bog
Sprog:spansk
Udgivet: Santiago Ministerio de Educación 1996
Udgivelse:3a. ed
Fag:
Tags: Tilføj Tag
Ingen Tags, Vær først til at tagge denne postø!

MARC

LEADER 00000nam a2200000 a 4500
001 UCH7242
003 CL-VaPUC
008 091109e19960000CL |||||||||||||||||spa|d
082 0 4 |a 372.372  |b MIN  |2 21 
110 2 |a Ministerio de Educación  |e author  |9 543671 
245 1 0 |a Política de educación en sexualidad: para el mejoramiento de la calidad de la educación 
250 |a 3a. ed 
300 |a 36 p 
942 |c BK 
945 |d 20091109 00:00:00  |a lazolas 
260 |a Santiago  |b Ministerio de Educación  |c 1996 
650 0 |a Educación sexual  |9 308005 
650 0 |a Métodos de enseñanza  |9 270413 
650 0 |a Planificación de la educación   |9 307333 
583 |a last modification  |c 20091109 00:00:00  |k Rodrigo Vera 
999 |c 337908  |d 337906